Loading...
| History - American | 0 | 6 | 0 | 0 | 60 | 72 | 92.17 | 0 | 3 | 16.10 | 32.95 |
| History - World | 0 | 5 | 2 | 1 | 40 | 81 | 96.80 | 0 | 2 | 10.47 | 21.88 |
| Social Science | 1 | 2 | 0 | 0 | 35 | 74 | 96.33 | 0 | 1 | 6.57 | 16.25 |
| History - Other | 0 | 4 | 2 | 1 | 30 | 81 | 107.75 | 1 | 2 | 7.50 | 22.50 |
| Fine Arts - Visual | 0 | 3 | 0 | 2 | 30 | 128 | 137.67 | 0 | 1 | 0.85 | 5.68 |
| Geography | 1 | 1 | 0 | 0 | 25 | 47 | 73.50 | 0 | 1 | 43.47 | 68.75 |
| History - European | 0 | 3 | 1 | 0 | 25 | 82 | 92.00 | 0 | 0 | 8.67 | 6.82 |
| Fine Arts - Auditory | 0 | 2 | 0 | 0 | 20 | 111 | 117.00 | 0 | 1 | 1.52 | 5.68 |
| Fine Arts - Other | 0 | 2 | 0 | 1 | 20 | 113 | 123.50 | 0 | 0 | 2.49 | 3.41 |
| Pop Culture | 0 | 2 | 0 | 0 | 20 | 86 | 98.00 | 0 | 0 | 12.10 | 15.00 |
| Religion | 0 | 2 | 0 | 1 | 20 | 106 | 117.50 | 0 | 1 | 2.40 | 11.25 |
| Science - Biology | 0 | 2 | 0 | 0 | 20 | 108 | 108.50 | 0 | 0 | 3.33 | 9.09 |
| Philosophy | 0 | 2 | 1 | 1 | 15 | 137 | 139.50 | 0 | 0 | 0.13 | 3.41 |
| Literature - American | 0 | 1 | 0 | 0 | 10 | 136 | 136.00 | 0 | 0 | 0.07 | 1.14 |
| Science - Physics | 0 | 1 | 0 | 0 | 10 | 91 | 91.00 | 0 | 0 | 2.87 | 4.55 |
| Religion- Edited | 0 | 1 | 0 | 0 | 10 | 110 | 110.00 | 0 | 0 | 19.71 | 50.00 |
| Other Academic | 0 | 1 | 0 | 0 | 10 | 101 | 101.00 | 0 | 1 | 10.24 | 37.50 |
| Literature - World | 0 | 1 | 0 | 0 | 10 | 139 | 139.00 | 0 | 0 | 0.49 | 3.41 |
| Mythology | 0 | 1 | 1 | 0 | 5 | 140 | 140.00 | 0 | 0 | 0.07 | 2.50 |
| Literature - European | 0 | 0 | 0 | 0 | 0 | 0.00 | 0 | 0 | 0.00 | 0.00 |